00425nam a2200121Ia 4500003000400000005001700004008004100021040001800062041000800080100004100088245013800129260003600267OSt20260119155229.0211028s2013 xx 000 0 und d cAIMIT LIBRARY aeng aVighnesha; Kudtarkar, Ravi.g1116173 aBusiness consultancy project at pepsico India on strategy for achieving growth target (expanding retailer base in Mangalore region) / aMangalorebRavi Kudtarkarc2013